Sports Teams Not Denoted By Their City - Statistics

General Stats
  • This quiz has been taken 100 times
    61 since last reset
  • The average score is 14 of 23
Answer Stats
League Metropolitan Area Team % Correct
NBA Oakland Golden State Warriors
90%
NFL Charlotte Carolina Panthers
75%
NBA Minneapolis Minnesota Timberwolves
75%
NBA Salt Lake City Utah Jazz
75%
NHL Miami Florida Panthers
73%
NFL Boston New England Patriots
73%
NFL Nashville Tennessee Titans
73%
NFL Phoenix Arizona Cardinals
71%
MLB Denver Colorado Rockies
71%
NFL Minneapolis Minnesota Vikings
69%
MLB Dallas Texas Rangers
69%
NBA Indianapolis Indiana Pacers
65%
NHL Denver Colorado Avalanche
60%
MLB Minneapolis Minnesota Twins
58%
NHL Minneapolis Minnesota Wild
58%
MLB Phoenix Arizona Diamondbacks
54%
NHL Raleigh Carolina Hurricanes
54%
NHL Phoenix Arizona Coyotes
52%
NHL Newark New Jersey Devils
52%
NBA New York City Brooklyn Nets
42%
NFL Tampa Tampa Bay Buccaneers
27%
MLB Tampa Tampa Bay Rays
27%
NHL Tampa Tampa Bay Lightning
17%
No matching quizzes found
Score Distribution
Percent of People with Each Score
Percentile by Number Answered
Your Score History
You have not taken this quiz since the last reset